000 00294nam a22001217a 4500
020 _a9780415652353
082 _a302.540
100 _aDebra J. Peoler
245 _aThe development and treatment of girlhood agression
260 _aNew york
_bPsychology press
300 _a307p
942 _cBK
999 _c3031
_d3031